000 00682nam a2200229Ii 4500
003 JO-AjNU
008 230605s9999||||xx |||||||||||||| ||und||
017 _a1997/7942
020 _a977-01-5303-6
040 _aJO-AjNU
_bara
_erda
_cJO-AjNU
041 _aara
050 1 4 _aPJ7828 1997
100 3 _aرزق، عبد الفتاح ,
_eauthor
_957057
245 0 0 _aالوليمة
264 3 1 _aالقاهرة : وزارة الثقافة ، 1997
300 _a221ص
336 _atext
_btxt
_2rdacontent
337 _aunmediated
_bn
_2rdamedia
338 _avolume
_bnc
_2rdacarrier
490 0 _aمهرجان القراءة للجميع
650 4 _aقصة عربية
_957058
999 _aA25546
_c29114
_d29114